Регионална библиотека "Любен Каравелов" - Русе

Пороят (Запис номер 421460)

MARC детайли
000 -Лидер
Контролно поле с фиксирана дължина nam a22 a 4500
003 - Код на организацията, давaща контролен номер
Контролно поле BLK
005 - Дата и час на последна редакция
Контролно поле 20210627140805.0
008 - Елементи от данни с фиксирана дължина
fixed length control field 210624b bu |||||r|||| 00| | bu d
040 ## - Източник на каталожния запис
Идентификатор на билиотеката - собственик на записа BLK
041 ## - Код за език
Код за езика на текст/звукозапис или на отделно заглавие Български
Код за езика КДБФ Български
080 ## - УДК
Текстов определител УДК Българска литература
УДК код - определител по УДК 821.163.2
УДК определител -31
УДК - код + определител 821.163.2-31
100 ## - Редна дума - Автор
R(LIN) 342636
Автор Гаджев, Пейо
Авторска отговорност първи автор
139 ## - Редно поле
Редна дума Гаджев, Пейо
Авторски знак Гад - Г 15
245 ## - Сведения за заглавието
Заглавие Пороят
Подзаглавни данни Роман
Редно поле (дума) Пейо Гаджев
260 ## - Област на издателските данни
9 (RLIN) 458774
Място на издаване, разпространение и проч. София
Име на издателя, разпространителя и проч. Сел. творчество
Година на издаване 1947
Печатница (София : Феникс)
300 ## - Физическа характеристика
Страници 192 с.
Размери/Мащаб 17 см
380 ## - Жанр
Жанр Худож. лит.
490 ## - СЕРИИ (Колекции)
9 (RLIN) 458778
Име на серия Библиотека Селско творчество
852 ## - Местоположение
Форматна сигнатура Цб 8.170.22213
Фондова буква Основен фонд - ползва се само за читалня
999 ## - СИСТЕМНИ КОНТРОЛНИ НОМЕРА
Koha biblionumber 421460
Koha biblioitemnumber 421460
942 ## - АРТИКУЛИ
Вид на библиотечния материал Книги
Скрит в OPAC Не
Периодичен библиозапис Да
944 ## - СЪЗДАВАНЕ И РЕДАКЦИЯ на ЗАПИСА
Създаване/Редакция Създаване
Дата на регистрацията/редакция 2021-06-24
Служител, извършил регистрацията/редакцията ВП
999 ## - СИСТЕМНИ КОНТРОЛНИ НОМЕРА
Koha biblioitemnumber 421460
Наличности
Код за отписване Код за изгубен артикул Източник на класификационната схема Код за повреда Коз за рестрикции Код за отдаване Артикулен № Име на библиотеката - собственик Име на библиотеката, в която се намира в момента Статус (Текущо местоположение) Дата на вписване в системата Местоположение - отдел Цена в лева Инвентарен номер Систематично азбучна сигнатура Баркод Цена в евро Служебен тип на артикула
  Не е изгубен Universal Decimal Classification Не е повреден само за читалня ползва се в читалня 840600 Регионална библиотека "Любен Каравелов" Русе Регионална библиотека "Любен Каравелов" Русе Хранилище 2021-07-02 Основен фонд - ползва се само за читалня 0.21 22213 Цб 8.170.22213 900000067053 0.11 Книги
Vip Innovations Ltd, Rousse, Bulgaria 2025